000 00488nam a2200169Ia 4500
005 20250508162147.0
008 008 250505s9999 xx 000 0 hin d
037 _aTextual
040 _aFEDL
_beng
_cFEDL
041 _ahin
_2eng
084 _a181.4, BRA
_qFEDL
245 0 _aBrahmasutra sankara bhasya. 2 Vols
260 _aDelhi, India
_bParimal Publications
_c1981
650 _aOriental Philosophy
_9755543
942 _cTEXL
_h181.4, BRA
999 _c1374732
_d1374732